| 000 | 01012nam0a2200301 4500 | ||
|---|---|---|---|
| 001 | RU\NLR\bibl\1320403 | ||
| 005 | 20260405172048.0 | ||
| 010 |
_a978-5-91282-005-2 _95000 |
||
| 021 |
_aRU _b2008-93458 _95477 |
||
| 021 |
_aRU _b2010-60775 _93976 |
||
| 035 | _a(NLR Aleph) 001305757 | ||
| 090 |
_a647887 _c647887 |
||
| 100 | _a20090126d2008 |||y0rusy50 ca | ||
| 101 | 0 | _arus | |
| 102 | _aRU | ||
| 105 | _aa ||||||||| | ||
| 200 | 1 |
_aКурочка Ряба _eдля чтения взрослыми детям _f[худож.: С. Фоминова] |
|
| 210 |
_aРостов-на-Дону _cЛеда _d2008 |
||
| 215 |
_a[9] с. _cцв. ил. _d22 |
||
| 225 | 1 |
_aСолнышко _eв 180 тт. _vт. 55 |
|
| 225 | 1 | _aСерия "Для самых маленьких" | |
| 225 | 1 | _aРадуга | |
| 702 | 1 |
_4040 _8rus _7ca _aФоминова _bС. _cхудожник _3RU\NLR\AUTH\7773620 _956548 |
|
| 801 | 0 |
_aRU _bNLR _c20090126 _gRCR |
|
| 801 | 1 |
_aRU _bNLR _c20090126 |
|
| 942 | _cBOOK | ||
| 980 | _aNB | ||